[Event "Tehran Paytakht Cup 4th"]
[Site "Tehran"]
[Date "2019.11.07"]
[Round "9"]
[White "Roozbayan, Reza"]
[Black "Bashirli, Nail Qoshqar"]
[Result "0-1"]
[WhiteElo "2152"]
[BlackElo "2383"]
[PlyCount "70"]
[EventDate "2019.10.30"]
[EventType "swiss"]
[EventRounds "9"]
[EventCountry "IRI"]
[SourceTitle "CBM 192 Extra"]
[Source "Chessbase"]
[SourceDate "2019.11.06"]
[SourceVersion "1"]
[SourceVersionDate "2019.11.06"]
[SourceQuality "1"]

1. Nf3 Nf6 2. c4 e6 3. Nc3 d5 4. d4 Nbd7 5. e3 Be7 6. Bd3 0-0 7. 0-0 dxc4 8. Bxc4 c5 9. Qe2 cxd4 10. exd4 Nb6 11. Bd3 Nbd5 12. Bg5 b6 13. Rad1 Bb7 14. Ne5 Rc8 15. Ba6 Nxc3 16. bxc3 Bxa6 17. Qxa6 Ne4 18. Bxe7 Qxe7 19. c4 f6 20. Nf3 Rfd8 21. Rfe1 f5 22. Ne5 Rc7 23. a3 Qd6 24. f3 Nf6 25. c5 Qe7 26. c6 Rd5 27. Qc4 Qxa3 28. Nd3 b5 29. Qc2 Qd6 30. Qb3 Rxd4 31. Qxb5 Rxc6 32. Qb7 h6 33. Qxa7 Ra6 34. Qc5 Rxd3 35. Qc8+ Kh7 0-1

[Event "Avicenna op 16th"]
[Site "Hamedan"]
[Date "2019.09.13"]
[Round "2"]
[White "Rastbod, Ali"]
[Black "Roozbayan, Reza"]
[Result "1/2-1/2"]
[WhiteElo "2287"]
[BlackElo "2142"]
[PlyCount "62"]
[EventDate "2019.09.12"]
[EventType "swiss"]
[EventRounds "9"]
[EventCountry "IRI"]
[SourceTitle "EXT 2020"]
[Source "ChessBase"]
[SourceDate "2019.10.17"]
[SourceVersion "1"]
[SourceVersionDate "2019.10.17"]
[SourceQuality "1"]

1. Nf3 Nf6 2. c4 e6 3. d4 b6 4. g3 Bb7 5. Bg2 Be7 6. 0-0 0-0 7. Nc3 Ne4 8. Bd2 d6 9. Be1 Bf6 10. Qc2 Nxc3 11. Bxc3 g6 12. e4 Nd7 13. Rad1 Qe7 14. Rfe1 Bg7 15. Bd2 e5 16. d5 a5 17. b3 h6 18. a3 Nf6 19. b4 axb4 20. axb4 Bc8 21. c5 bxc5 22. bxc5 Nh7 23. Ra1 Rxa1 24. Rxa1 f5 25. Nh4 Qf6 26. Ba5 fxe4 27. Bxe4 Ng5 28. f3 Nxe4 29. fxe4 Bh3 30. Qe2 Rf7 31. c6 Kh7 1/2-1/2

[Event "Hamedan op 17th"]
[Site "Hamedan"]
[Date "2018.08.13"]
[Round "7"]
[White "Hosseinzadeh, Nima"]
[Black "Roozbayan, Reza"]
[Result "0-1"]
[WhiteElo "2299"]
[BlackElo "2120"]
[PlyCount "108"]
[EventDate "2018.08.09"]
[EventType "swiss"]
[EventRounds "11"]
[EventCountry "IRI"]
[SourceTitle "CBM 186 Extra"]
[Source "ChessBase"]
[SourceDate "2018.08.24"]
[SourceVersion "1"]
[SourceVersionDate "2018.08.24"]
[SourceQuality "1"]

1. e4 e5 2. Nf3 Nc6 3. Bb5 a6 4. Ba4 Nf6 5. 0-0 b5 6. Bb3 Bb7 7. d3 Be7 8. Re1 0-0 9. Nbd2 d6 10. c3 Nb8 11. Nf1 h6 12. Ng3 Re8 13. d4 Nbd7 14. h3 Bf8 15. Bc2 c5 16. d5 g6 17. Bd2 c4 18. b4 cxb3 19. axb3 Nb6 20. Bd3 Nfd7 21. c4 bxc4 22. bxc4 Rb8 23. Ba5 Nc5 24. Re2 Bc8 25. Rb2 Re7 26. Bc2 Reb7 27. Rab1 Be7 28. Rb4 Qc7 29. R1b2 Bd8 30. Qb1 Ncd7 31. Nd2 Qc5 32. Nb3 Qxb4 33. Bxb4 Nxc4 34. Bxd6 Nxd6 35. Qa2 a5 36. Rb1 Nb5 37. Ne2 a4 38. Nd2 a3 39. Ba4 Be7 40. Nc4 Bc5 41. Na5 Rb6 42. Nc6 R8b7 43. Nd8 Rb8 44. Nc6 R8b7 45. Nd8 Nd4 46. Nxb7 Nxe2+ 47. Kh2 Nc3 48. Qc4 Rxb1 49. Bb3 Bxb7 50. d6 Rxb3 51. Qxb3 a2 52. Qb2 Bd4 53. Qa3 Bxe4 54. Qa5 Kg7 0-1

[Event "Fajr op 25th"]
[Site "Sareyn"]
[Date "2017.01.31"]
[Round "5"]
[White "Roozbayan, Reza"]
[Black "Gholami, Aryan"]
[Result "0-1"]
[WhiteElo "2136"]
[BlackElo "2426"]
[PlyCount "114"]
[EventDate "2017.01.28"]
[EventType "swiss"]
[EventRounds "11"]
[EventCountry "IRI"]
[SourceTitle "CBM 176 Extra"]
[Source "ChessBase"]
[SourceDate "2017.03.02"]
[SourceVersion "1"]
[SourceVersionDate "2017.03.02"]
[SourceQuality "1"]

1. Nf3 c5 2. c4 g6 3. Nc3 Bg7 4. g3 Nc6 5. Bg2 d6 6. 0-0 e5 7. a3 Nge7 8. b4 e4 9. Ng5 f5 10. Bb2 0-0 11. Rb1 h6 12. Nh3 g5 13. d3 exd3 14. f4 cxb4 15. axb4 g4 16. Nf2 dxe2 17. Nxe2 Be6 18. Bd5 Bf7 19. Bxg7 Kxg7 20. b5 Nxd5 21. bxc6 Nb6 22. cxb7 Rb8 23. Nd4 Bxc4 24. Re1 Qf6 25. Qd2 Rxb7 26. Qc3 Bg8 27. Nxf5+ Kh8 28. Qxf6+ Rxf6 29. Nd4 h5 30. Ne4 Rf8 31. Rb5 d5 32. Ng5 Rc7 33. Nge6 Re8 34. Re5 Rc1+ 35. Kf2 Bf7 36. Ng5 Bg6 37. Rxe8+ Bxe8 38. Rb2 Rc4 39. Nf5 Bg6 40. Ne7 Rc2+ 41. Rxc2 Bxc2 42. Ne6 a5 43. Ke1 a4 44. Kd2 Be4 45. Kc3 Nc4 46. Nc5 a3 47. Nb3 a2 48. Na1 Ne3 49. Kb2 Nf1 50. Nb3 Nxh2 51. Nd4 Nf1 52. Nef5 Bb1 53. Ne7 Nxg3 54. Nxd5 Nf5 55. Ne2 h4 56. Nf6 Ne3 57. f5 Nc2 0-1

[Event "Tehran Paytakht Cup 1st"]
[Site "Tehran"]
[Date "2016.10.27"]
[Round "3"]
[White "Raetsky, Alexander"]
[Black "Roozbayan, Reza"]
[Result "1-0"]
[WhiteElo "2380"]
[BlackElo "2135"]
[PlyCount "93"]
[EventDate "2016.10.25"]
[EventType "swiss"]
[EventRounds "9"]
[EventCountry "IRI"]
[SourceTitle "EXT 2018"]
[Source "ChessBase"]
[SourceDate "2017.10.13"]
[SourceVersion "1"]
[SourceVersionDate "2017.10.13"]
[SourceQuality "1"]

1. e4 e5 2. Bc4 Nf6 3. Nc3 Nxe4 4. Qh5 Nd6 5. Bb3 Be7 6. Nf3 0-0 7. h4 Nc6 8. Ng5 h6 9. Qg6 Bxg5 10. hxg5 Qxg5 11. Qxg5 hxg5 12. d3 Nf5 13. Nd5 d6 14. Nxc7 Rb8 15. Bxg5 Ncd4 16. Kd2 Nxb3+ 17. axb3 f6 18. Be3 Nxe3 19. fxe3 a6 20. b4 Bd7 21. c4 Bc6 22. e4 Rbc8 23. Nd5 Bxd5 24. exd5 f5 25. Ra5 Rf6 26. b5 axb5 27. Rxb5 Rc7 28. Rb6 Rg6 29. Kc3 f4 30. Re1 Rxg2 31. Rxd6 f3 32. Rd8+ Kh7 33. Rf8 f2 34. Rxe5 Kg6 35. Ref5 Rc8 36. Rxf2 Rxf2 37. Rxf2 Rc7 38. d4 Kh5 39. d6 Rd7 40. c5 g5 41. b4 g4 42. b5 g3 43. Rg2 Kg4 44. Kc4 Kf3 45. Rxg3+ Kxg3 46. Kd5 Kf4 47. c6 1-0

[Event "Sardaran op 5th"]
[Site "Urmia"]
[Date "2016.07.27"]
[Round "8"]
[White "Darini, Pouria"]
[Black "Roozbayan, Reza"]
[Result "1-0"]
[WhiteElo "2524"]
[BlackElo "2028"]
[PlyCount "54"]
[EventDate "2016.07.22"]
[EventType "swiss"]
[EventRounds "9"]
[EventCountry "IRI"]
[SourceTitle "CBM 173 Extra"]
[Source "ChessBase"]
[SourceDate "2016.08.29"]
[SourceVersion "1"]
[SourceVersionDate "2016.08.29"]
[SourceQuality "1"]

1. e4 e5 2. Nf3 Nc6 3. Bb5 a6 4. Ba4 Nf6 5. 0-0 b5 6. Bb3 Bb7 7. d3 Be7 8. Nc3 d6 9. a3 0-0 10. Re1 Nd4 11. Nxd4 exd4 12. Ne2 c5 13. Ng3 Bc8 14. c3 dxc3 15. bxc3 Be6 16. d4 cxd4 17. cxd4 Bxb3 18. Qxb3 Re8 19. Bb2 Rc8 20. Rad1 Nd7 21. e5 dxe5 22. Nf5 Nf8 23. dxe5 Qb6 24. e6 Nxe6 25. Qg3 g6 26. Nxe7+ Rxe7 27. Qe5 Ra8 1-0

[Event "Sardaran op 5th"]
[Site "Urmia"]
[Date "2016.07.26"]
[Round "7"]
[White "Roozbayan, Reza"]
[Black "Cech, Pavel"]
[Result "1-0"]
[WhiteElo "2028"]
[BlackElo "2378"]
[PlyCount "93"]
[EventDate "2016.07.22"]
[EventType "swiss"]
[EventRounds "9"]
[EventCountry "IRI"]
[SourceTitle "CBM 173 Extra"]
[Source "ChessBase"]
[SourceDate "2016.08.29"]
[SourceVersion "1"]
[SourceVersionDate "2016.08.29"]
[SourceQuality "1"]

1. Nf3 d5 2. d4 Nf6 3. c4 c6 4. e3 Bf5 5. cxd5 Nxd5 6. Nc3 e6 7. Bc4 Be7 8. 0-0 0-0 9. Qe2 Nb6 10. Bb3 Bg4 11. Rd1 N8d7 12. e4 Qc7 13. Be3 e5 14. d5 Nc5 15. Rac1 Rad8 16. Bc2 Qb8 17. b4 Ncd7 18. b5 cxd5 19. exd5 Rc8 20. d6 Bxd6 21. Bxh7+ Kh8 22. Bb1 Ba3 23. Rc2 f5 24. h3 Bh5 25. Bxb6 Nxb6 26. g4 fxg4 27. Ng5 Rf4 28. Qd3 g6 29. Ne2 Ra4 30. Ng3 Rd4 31. Qe2 Rxc2 32. Qxc2 gxh3 33. Rxd4 h2+ 34. Kg2 exd4 35. Nxh5 Qe8 36. Kxh2 Bd6+ 37. Kg2 Nd5 38. Qd3 Be5 39. Qe4 Nc3 40. Nf7+ Qxf7 41. Qxe5+ Kg8 42. Nf6+ Kf8 43. Bc2 Qxa2 44. Qe8+ Kg7 45. Qxg6+ Kf8 46. Qe8+ Kg7 47. Nh5+ 1-0